MDQL
is popping MORE tags! Check the
thread
!
Quizzes
Events
Quiz Creation
Community
Videos
Private Events
Remove Ads
Sign In
Join for FREE
Feedback
Dark Mode
Quiz Categories
Sports
Geography
Music
Movies
Television
Just For Fun
Miscellaneous
History
Literature
Language
Science
Gaming
Entertainment
Religion
Holiday
For Kids
Quiz Lab
Recent
Popular Today
Quiz Kudos Today
Editor Picks
Curator Picks
Quizzes by...
Day
Popularity
Type
Ratings
Length
Year
Community
Subscriptions
Recent Discussions
Orange Saloon
Badges
Playlists
Quests
Create
Leaderboards
Showdown
Live 5
Trivia Bingo
Activity
Puzzle Library
Sporcle Events
Private Events
Virtual Trivia
Globe League
Become a Host
Pub Owners
SporcleCon
Opinionation
Our Games
Videos
Blog
Mobile Apps
Partnerships
Remove Ads and Go Orange
Feedback
Geography
Country
Landmarks
City
State
Population
World
Capital
Continent
Flags
Europe
Africa
Asia
South America
North America
Oceania
Border
Canada
United Kingdom
Topography
United States
Geography
Country
Landmarks
City
State
Population
World
Capital
Continent
Flags
Europe
Africa
Asia
South America
North America
Oceania
Border
Canada
United Kingdom
Topography
United States
Random Quiz
Search Sporcle
×
Quiz Lab
Quiz Lab
Geography
Country
Type in answers that appear in a list
Type in answers that appear in a list
Classic
Best Score? Go Orange.
Biggest City In Each Country Stats
Can you name the Biggest City In Each Country?
By
HenryHDXGhh
20m
196 Questions
250 Plays
250 Plays
250 Plays
Comments
Comments
Give Quiz Kudos
Give Quiz Kudos
-
- Ratings
hide this ad
Forced Order
Answers have to be entered in order
Answers have to be entered in order
Random Order
Randomize order of answers
Randomize order of answers
Replay
Link that replays current quiz
Next Quiz
Link to next quiz in quiz playlist
You Got
0%
They Got
Avg Score
53%
Avg Friend Score
Upgrade to see
Score Distribution
Jump to the score distribution portion of the page
Score
0/196
Timer
20:00
0
Plays Today
Hint
Answer
% Correct
France
Paris
78.4%
Germany
Berlin
76%
Russia
Moscow
76%
Spain
Madrid
75.6%
Mexico
Mexico City
75.2%
Canada
Toronto
74.8%
Egypt
Cairo
74.8%
Japan
Tokyo
74.8%
Greece
Athens
74.4%
Australia
Sydney
74%
Ireland
Dublin
74%
Italy
Rome
74%
Portugal
Lisbon
73.6%
United States of America
New York
73.6%
Korea, South
Seoul
73.2%
Netherlands
Amsterdam
73.2%
Sweden
Stockholm
73.2%
Vatican
Vatican City
72.8%
Argentina
Buenos Aires
72.4%
Denmark
Copenhagen
72%
Belgium
Brussels
71.6%
Norway
Oslo
71.6%
Poland
Warsaw
71.2%
Cuba
Havana
70.8%
Thailand
Bangkok
70.8%
United Kingdom
London
70.8%
United Arab Emirates
Dubai
70.4%
Austria
Vienna
69.6%
South Africa
Johannesburg
69.6%
Chile
Santiago
69.2%
Czech Republic
Prague
69.2%
Finland
Helsinki
69.2%
Philippines
Manila
69.2%
Turkey
Istanbul
69.2%
Iceland
Reykjavik
68.8%
Iraq
Baghdad
68.8%
Panama
Panama City
68.8%
Hungary
Budapest
68.4%
Iran
Tehran
68.4%
Monaco
Monaco
68.4%
Singapore
Singapore
68.4%
Afghanistan
Kabul
68%
China
Shanghai
67.6%
Jamaica
Kingston
67.6%
Korea, North
Pyongyang
67.6%
Peru
Lima
66.8%
Romania
Bucharest
66%
Israel
Tel Aviv
65.6%
New Zealand
Auckland
65.6%
Brazil
Sao Paulo
65.2%
Ukraine
Kiev
65.2%
Venezuela
Caracas
65.2%
Guatemala
Guatemala City
64.8%
Indonesia
Jakarta
64.4%
Colombia
Bogota
64%
Haiti
Port au Prince
64%
Tunisia
Tunis
64%
Bulgaria
Sofia
63.6%
Kenya
Nairobi
63.6%
Algeria
Algiers
63.2%
Taiwan
Taipei
63.2%
Belarus
Minsk
62.8%
Bolivia
La Paz
62.8%
El Salvador
San Salvador
62.4%
India
Delhi
62.4%
Saudi Arabia
Riyadh
62%
Hint
Answer
% Correct
Latvia
Riga
61.6%
The Bahamas
Nassau
61.2%
Costa Rica
San Jose
61.2%
Libya
Tripoli
61.2%
Nepal
Kathmandu
61.2%
Nigeria
Lagos
61.2%
Serbia
Belgrade
61.2%
Bosnia and Herzegovina
Sarajevo
60.8%
Andorra
Andorra La Vella
60.4%
Ethiopia
Addis Ababa
60.4%
Morocco
Casablanca
60.4%
Switzerland
Zurich
60.4%
Uruguay
Montevideo
60.4%
Azerbaijan
Baku
60%
Jordan
Amman
60%
Bangladesh
Dhaka
59.6%
Croatia
Zagreb
59.6%
Dominican Republic
Santo Domingo
59.6%
Lebanon
Beirut
59.6%
Vietnam
Ho Chi Minh City
59.6%
Cambodia
Phnom Penh
59.2%
Albania
Tirana
58.8%
Cyprus
Nicosia
58.8%
Estonia
Tallinn
58.4%
Slovakia
Bratislava
58%
Nicaragua
Managua
57.6%
Congo, Democratic Republic of the
Kinshasa
57.2%
Lithuania
Vilnius
57.2%
Sudan
Khartoum
56.4%
Oman
Muscat
56%
Georgia
Tbilisi
55.6%
Paraguay
Asuncion
55.6%
Somalia
Mogadishu
55.6%
Sri Lanka
Colombo
55.6%
Armenia
Yerevan
54.8%
Senegal
Dakar
54.8%
Ghana
Accra
54.4%
Kyrgyzstan
Bishkek
54%
Moldova
Chisinau
54%
Pakistan
Karachi
54%
Djibouti
Djibouti
53.6%
Luxembourg
Luxembourg
53.6%
Uzbekistan
Tashkent
53.6%
Guinea Bissau
Bissau
53.2%
Qatar
Doha
53.2%
Slovenia
Ljubljana
53.2%
Laos
Vientiane
52.4%
Kosovo
Pristina
51.2%
Liberia
Monrovia
51.2%
Uganda
Kampala
51.2%
Angola
Luanda
50.8%
Congo, Republic of the
Brazzaville
50.8%
Guyana
Georgetown
50.8%
Zimbabwe
Harare
50.8%
Macedonia
Skopje
50.4%
Mongolia
Ulaanbaatar
50.4%
Sao Tome and Principe
Sao Tome
50.4%
Honduras
Tegucigalpa
50%
Montenegro
Podgorica
50%
Sierra Leone
Freetown
50%
Madagascar
Antananarivo
49.6%
Namibia
Windhoek
49.6%
Bhutan
Thimphu
49.2%
South Sudan
Juba
49.2%
Papua New Guinea
Port Moresby
48.8%
Chad
N'Djamena
48.4%
Hint
Answer
% Correct
Fiji
Suva
48%
Maldives
Male
48%
Rwanda
Kigali
47.6%
Yemen
Sanaa
47.6%
Mozambique
Maputo
47.2%
Suriname
Paramaribo
46.8%
Timor Leste
Dili
45.6%
Eritrea
Asmara
45.2%
Bahrain
Manama
44.8%
Turkmenistan
Ashgabat
44.4%
Barbados
Bridgetown
44%
Niger
Niamey
43.6%
Zambia
Lusaka
43.6%
Brunei
Bandar Seri Begawan
43.2%
Tajikistan
Dushanbe
43.2%
Botswana
Gaborone
42.4%
Burkina Faso
Ouagadougou
42.4%
Seychelles
Victoria
42.4%
Central African Republic
Bangui
42%
Togo
Lome
42%
Syria
Aleppo
41.6%
Belize
Belize City
40.8%
Gabon
Libreville
40.4%
Samoa
Apia
40.4%
Tanzania
Dar es Salaam
40.4%
Cape Verde
Praia
40%
Dominica
Roseau
39.2%
Antigua and Barbuda
St. Johns
38.8%
Mali
Bamako
38.8%
Malawi
Lilongwe
38.4%
Mauritania
Nouakchott
38.4%
Kazakhstan
Almaty
38%
Grenada
St. Georges
37.6%
Mauritius
Port Louis
36.8%
St Lucia
Castries
36.4%
Lesotho
Maseru
36%
Tonga
Nuku'alofa
34.8%
Comoros
Moroni
34.4%
St Kitts and Nevis
Basseterre
34%
Myanmar
Yangon
33.2%
Cote D'Ivoire
Abidjan
32.4%
St Vincent and the Grenadines
Kingstown
32.4%
Tuvalu
Funafuti
32%
Vanuatu
Port Vila
32%
Nauru
Yaren
31.2%
Solomon Islands
Honiara
31.2%
Marshall Islands
Majuro
30.8%
Ecuador
Guayaquil
29.6%
Kiribati
Tarawa
29.2%
Burundi
Bujumbura
27.6%
Kuwait
Al Ahmadi
25.2%
Malta
Birkirkara
24%
San Marino
Serraville
23.6%
Malaysia
Kota Bharu
20.4%
Cameroon
Douala
20%
Liechtenstein
Schoon
18.4%
Swaziland
Manzini
15.6%
Benin
Cotonou
15.2%
Trinidad and Tobago
Laventille
14.8%
Guinea
Camayenne
13.6%
Micronesia
Weno Town
10.4%
Equatorial Guinea
Bata
9.2%
Palau
Koror
9.2%
Gambia
Brikama
8.4%
Quiz Playlist
Details
Report
Send in Message
Add To Playlist
Classic:
Type in answers that appear in a list
Forced Order:
Answers have to be entered in order
Random Order:
Randomize order of answers
Last Updated: Feb 16, 2017
Quiz Scoreboard
CHALLENGE
Sign Up to Join the Scoreboard
Show All
Scores
Hide
Comments
May contain spoilers
Recently Published
1-10 Letter E Words III
by El_Dandy
Language
2m
Street Fighter Characters
by Artimus82
Gaming
60s
College Basketball Coaching Resumes
by pancakes188
Sports
9m
More to Explore
Quiz From the Vault
Featured Blog Post
Where Did the Easter Bunny Come From?
hide this ad
You Might Also Like...
Tags
City Quiz
Country Quiz
biggest
In Each
Today's Top Quizzes in Geography
Browse Geography
hide this ad
Today's Top Quizzes in Country
Browse Country
Top Contributed Quizzes in Geography
1
Countries of the World - No Outlines Minefield
2
Top 25 Cities of France on a map
3
Any capital of a 'B' country per Continent
4
Any capital of a 'C' country per Continent
5
Closest Countries to UK A-Z
6
Any capital of a 'D' country per Continent
7
5-to-1: US Geography No Hints
8
Any capital of an 'E' country per Continent
9
Find the US States - No Outlines
10
Any capital of an 'F' country per Continent
Explore More
Trending Topics
NBA
Marvel
Anime
Crossword
Kpop
Harry Potter
Disney
Song
Country
NFL
The Office
Soccer
WWE
Puzzle
Pokémon
hide this ad
More By:
HenryHDXGhh
Quiz
Plays
Rating
Category
Featured
Created
25 Biggest Cities In Europe
959
2.75
Geography
Oct 14, 2015
Power 5 College Teams
555
Sports
Nov 30, 2015
25 Biggest Cities In North America
522
1.82
Geography
Oct 14, 2015
100 Biggest Cities of the World
504
2.00
Geography
Mar 16, 2015
25 Biggest Cities In South America
484
5.00
Geography
Oct 14, 2015
Go to Creator's Profile
Score Distribution
Quiz Creator Spotlight
HenryHDXGhh
Follow
Send a Message
Quizzes Created
-
Created Quiz Play Count
-
More By This Creator
Popular Quizzes Today
1
Find the US States - No Outlines Minefield
2
Find the Countries of Europe - No Outlines Minefield
3
The Countries of the World
4
Find the US States
5
Risky Map Clicking: Biggest States A-Z
6
US States
7
Popular People in 1961
8
Movies - When Are They Set?
More Geography Quizzes
Native American Tribal Nations: Mexico, Central America
Published
Trending Quizzes
Risky Map Clicking: Least Populous States A-Z
Billboard Blitz: Aretha Franklin
1-10 Letter G Words
Countries of the World: 200 Million BC
1-10 Letter F Words
Recently Updated
Leaping Animals
pecheneg
Reality TV Shows (A-Z)
bhenderson79
Rickey Henderson's Hall of Fame Teammates
pecheneg
Champions League XIs: Arsenal
pecheneg
Quick Pick: Celebrities in WWE's Hall of Fame
aduchscher
A-Z Keypad Blitz II
pecheneg
Multiple Oscar Actors
pecheneg
Mystery Phrase Blitz: Oscar 'Best Actors'
pecheneg
F. Scott Fitzgerald Novels
LTH
Pick 3 Villains
ddd62291
Trending Topics
NBA
Kpop
Disney
Anime
Harry Potter
Crossword
Marvel
NFL
WWE
Pokémon
The Office
Puzzle
Country
Song
Soccer
Your Account Isn't Verified!
In order to create a playlist on Sporcle, you need to verify the email address you used during registration. Go to your
Sporcle Settings
to finish the process.
Report this User
Report this user for behavior that violates our
Community Guidelines
.
Details:
Send Report
Go to the Sporcle.com Mobile Site →
Comments